| 000 | 01644nam a2200385 i 4500 | ||
|---|---|---|---|
| 001 | 192655 | ||
| 003 | SpMaBN | ||
| 005 | 20250901024000.0 | ||
| 008 | 230508s2015 sp | |||| 000 0 spa | ||
| 017 |
_aM 25295-2015 _bOficina Depósito Legal Madrid |
||
| 020 | _a9788494370298 | ||
| 035 | _a(OCoLC)931011395 | ||
| 040 |
_aSpMaBN _bspa _cES-MaACL _erda |
||
| 080 | _a82-93.09 | ||
| 080 | _a159.964.2:82-93 | ||
| 245 | 0 | 4 |
_aLos cuentos infantiles / _cEloísa Castellano, Adriana Cinello, Carlos Padrón, coordinadores |
| 250 | _a1ª edición: agosto de 2015 | ||
| 264 |
_a[Madrid] : _bAsociación Psicoanalítica de Madrid, _c2015 |
||
| 300 |
_a135 páginas ; _c22 cm |
||
| 336 |
_aTexto (visual) _2isbdcontent |
||
| 337 |
_asin mediación _2isbdmedia |
||
| 500 | _aÍndice | ||
| 500 | _aRecoge las conferencias impartidas por miembros de la Asociación Psicoanalítica de Madrid y del Instituto de Psicoanálisis de la misma, entre enero y junio de 2014 en el Círculo de Bellas Artes de Madrid, dentro del ciclo "Los cuentos Infantiles" | ||
| 504 | _aReferencias bibliográficas | ||
| 650 | 7 |
_aPsicoanálisis y literatura _2embne _916535 |
|
| 650 | 0 |
_aCuento infantil- _xAspectos psicológicos _9226309 |
|
| 700 | 1 |
_aCastellano-Maury, Eloísa _epbl _9176476 |
|
| 700 | 1 |
_aCinello, Adriana _9176465 _epbl |
|
| 700 | 1 |
_aPadrón, Carlos _q(Padrón Estarriol) _9176466 _epbl |
|
| 710 | 0 |
_91790 _aAsociación Psicoanalítica de Madrid _eedt |
|
| 852 |
_aES-MaACL _bR. 153129 _cDEPOJ _jN-8281 _hDonación: Editorial _9199952 |
||
| 942 |
_cMONOGRAFIA _n0 |
||
| 999 |
_c192655 _d192655 |
||